Barnebogen. (Record no. 13037)
[ view plain ]
| 000 -LEADER | |
|---|---|
| fixed length control field | 00381nam a22001451 4500 |
| 001 - CONTROL NUMBER | |
| control field | c 98000061 |
| 003 - CONTROL NUMBER IDENTIFIER | |
| control field | DLC |
| 005 - DATE AND TIME OF LATEST TRANSACTION | |
| control field | 20260227111037.0 |
| 008 - FIXED-LENGTH DATA ELEMENTS--GENERAL INFORMATION | |
| fixed length control field | 810206s1898 mnua 00000 eng |
| 010 ## - LIBRARY OF CONGRESS CONTROL NUMBER | |
| LC control number | c 98000061 |
| 100 10 - MAIN ENTRY--PERSONAL NAME | |
| Personal name | Kessdal, Olav. |
| 245 00 - TITLE STATEMENT | |
| Title | Barnebogen. |
| 260 0# - PUBLICATION, DISTRIBUTION, ETC. | |
| Place of publication, distribution, etc. | Minneapolis, Minn., |
| Name of publisher, distributor, etc. | The Free church bk. concern, |
| Date of publication, distribution, etc. | 1898. |
| 300 ## - PHYSICAL DESCRIPTION | |
| Extent | vi, 72 p. |
| Other physical details | illus. |
| Dimensions | 12⁰. |
No items available.